[Event "Dortmund Sparkassen op-C 47th"]
[Site "Dortmund"]
[Date "2019.07.16"]
[Round "4"]
[White "Sahakyan, Tigran1111"]
[Black "Hoffmann, Anastasia"]
[Result "0-1"]
[WhiteElo "1217"]
[BlackElo "1217"]
[PlyCount "58"]
[EventDate "2019.07.13"]
[EventType "swiss"]
[EventRounds "9"]
[EventCountry "GER"]
[SourceTitle "CBM 192 Extra"]
[Source "Chessbase"]
[SourceDate "2019.11.06"]
[SourceVersion "1"]
[SourceVersionDate "2019.11.06"]
[SourceQuality "1"]

1. e4 d6 2. d4 Nf6 3. Nc3 Nbd7 4. Nf3 e5 5. d5 Be7 6. Bg5 0-0 7. Ne2 Nxe4 8. Bxe7 Qxe7 9. Qd3 Ndc5 10. Qe3 a5 11. g3 c6 12. c4 Rb8 13. Bg2 cxd5 14. cxd5 f5 15. Qa3 b6 16. 0-0 f4 17. Nc3 Ba6 18. Rfd1 fxg3 19. hxg3 Nxc3 20. Qxc3 Qf7 21. Qe3 h6 22. Rac1 Rbe8 23. Rc2 Nd3 24. Rxd3 Bxd3 25. Qxd3 e4 26. Qb5 exf3 27. Bh3 Re1+ 28. Kh2 Qh5 29. Qd3 Rh1+ 0-1